Rumah rahsia
| Main Author: | |
|---|---|
| Format: | Book |
| Published: |
Kuala Lumpur :
Syarikat Buku Mahir Sdn.Bhd ,
1987
|
| Series: | Siri Cerita Pengembaraan
|
| Subjects: |
MARC
| LEADER | 00000cam a2200000 7i4500 | ||
|---|---|---|---|
| 001 | 0000009224 | ||
| 002 | 000010044 | ||
| 005 | .0 | ||
| 020 | |a 9679906191 | ||
| 090 | 0 | 0 | |a JF |b ASA |
| 100 | 0 | |a A. Samad Said | |
| 245 | 1 | 0 | |a Rumah rahsia |c A. Samad Said |
| 260 | |a Kuala Lumpur : |b Syarikat Buku Mahir Sdn.Bhd , |c 1987 | ||
| 300 | |a 78 p. : |b ill. ; |c 22 cm. | ||
| 490 | 0 | |a Siri Cerita Pengembaraan | |
| 650 | 0 | 0 | |a Children's stories, Malay |
| 999 | |a 0011396 |b BUKU |c PINJAMAN |e PERPUSTAKAAN KOMUNITI PETALING JAYA | ||